Las voces solidarias : (Registro nro. 18398)
[ vista simple ]
| 000 -CABECERA | |
|---|---|
| campo de control de longitud fija | 00565nam a2200169 a 4500 |
| 001 - NÚMERO DE CONTROL | |
| campo de control | 000018880 |
| 005 - FECHA Y HORA DE LA ÚLTIMA TRANSACCIÓN | |
| campo de control | 20200929165856.0 |
| 008 - DATOS DE LONGITUD FIJA--INFORMACIÓN GENERAL | |
| campo de control de longitud fija | 100520s1978 ag r 000 p spa d |
| 040 ## - FUENTE DE LA CATALOGACIÓN | |
| Centro catalogador/agencia de origen | DO-SdBNP |
| Lengua de catalogación | spa |
| Centro/agencia transcriptor | BNPHU |
| 082 ## - NÚMERO DE LA CLASIFICACIÓN DECIMAL DEWEY | |
| Número de clasificación | A861.44 |
| Número de documento/Ítem | K88v |
| 049 ## - FONDOS LOCALES (OCLC) | |
| Fondos de biblioteca | BNGR |
| 100 1# - ENTRADA PRINCIPAL--NOMBRE DE PERSONA | |
| Nombre de persona | Kovadloff, Santiago, |
| Fechas asociadas al nombre | 1942- |
| 9 (RLIN) | 40659 |
| 245 14 - MENCIÓN DE TÍTULO | |
| Título | Las voces solidarias : |
| Resto del título | angología bilingüe de la poesía brasileña contemporanea / |
| Mención de responsabilidad, etc. | Santiago Kovadloff. |
| 260 ## - PUBLICACIÓN, DISTRIBUCIÓN, ETC. | |
| Lugar de publicación, distribución, etc. | Buenos Aires, Argentina : |
| Nombre del editor, distribuidor, etc. | Calicanto, |
| Fecha de publicación, distribución, etc. | 1978. |
| 650 #4 - PUNTO DE ACCESO ADICIONAL DE MATERIA--TÉRMINO DE MATERIA | |
| Término de materia o nombre geográfico como elemento de entrada | Poesía argentina |
| 9 (RLIN) | 3859 |
| 650 #4 - PUNTO DE ACCESO ADICIONAL DE MATERIA--TÉRMINO DE MATERIA | |
| Término de materia o nombre geográfico como elemento de entrada | Literatura argentina |
| 9 (RLIN) | 3860 |
| Estado de retiro | Estado de pérdida | Restricciones de uso | No para préstamo | Código de colección | Localización permanente | Ubicación/localización actual | Ubicación en estantería | Fecha de adquisición | Número de inventario | Total de préstamos | Signatura topográfica completa | Código de barras | Fecha visto por última vez | Precio válido a partir de | Tipo de ítem Koha |
|---|---|---|---|---|---|---|---|---|---|---|---|---|---|---|---|
| Monografías: Libros y Folletos | General | General | En catalogación | 20.05.2010 | LF1 | A861.44 K88v | 18880-10 | 25.06.2020 | 25.06.2020 | Préstamo en sala |
